The Cambridge handbook of second language acquisition / (Record no. 27905)
[ view plain ]
| 000 -LEADER | |
|---|---|
| fixed length control field | 03604cam a22003495i 4500 |
| 001 - CONTROL NUMBER | |
| control field | 17332063 |
| 003 - CONTROL NUMBER IDENTIFIER | |
| control field | EG-ScBUE |
| 005 - DATE AND TIME OF LATEST TRANSACTION | |
| control field | 20191127130212.0 |
| 008 - FIXED-LENGTH DATA ELEMENTS--GENERAL INFORMATION | |
| fixed length control field | 120530s2018 enka f b 001 0 eng d |
| 020 ## - INTERNATIONAL STANDARD BOOK NUMBER | |
| International Standard Book Number | 9781108733748 (pbk.) |
| 040 ## - CATALOGING SOURCE | |
| Original cataloging agency | ICU/DLC |
| Language of cataloging | eng |
| Description conventions | rda |
| Transcribing agency | ICU |
| Modifying agency | EG-ScBUE |
| 082 04 - DEWEY DECIMAL CLASSIFICATION NUMBER | |
| Classification number | 418 |
| Item number | CAM |
| Edition number | 22 |
| 245 04 - TITLE STATEMENT | |
| Title | The Cambridge handbook of second language acquisition / |
| Statement of responsibility, etc | edited by Julia Herschensohn, Martha Young-Scholten. |
| 246 30 - VARYING FORM OF TITLE | |
| Title proper/short title | Handbook of second language acquisition |
| 246 30 - VARYING FORM OF TITLE | |
| Title proper/short title | Second language acquisition |
| 250 ## - EDITION STATEMENT | |
| Edition statement | First paperback edition. |
| 264 #1 - PUBLICATION, DISTRIBUTION, ETC. (IMPRINT) | |
| Place of publication, distribution, etc | Cambridge ; |
| -- | New York : |
| Name of publisher, distributor, etc | Cambridge University Press, |
| Date of publication, distribution, etc | 2018. |
| 300 ## - PHYSICAL DESCRIPTION | |
| Extent | xiv, 823 pages : |
| Other physical details | illustrations ; |
| Dimensions | 26 cm. |
| 336 ## - CONTENT TYPE | |
| Content type term | text |
| Source | rdacontent |
| Content type code | txt |
| 337 ## - MEDIA TYPE | |
| Media type term | unmediated |
| Source | rdamedia |
| Media type code | n |
| 338 ## - CARRIER TYPE | |
| Carrier type term | volume |
| Source | rdacarrier |
| Carrier type code | nc |
| 490 0# - SERIES STATEMENT | |
| Series statement | Cambridge handbooks in language and linguistics |
| 504 ## - BIBLIOGRAPHY, ETC. NOTE | |
| Bibliography, etc | Includes bibliographical references and index. |
| 505 0# - FORMATTED CONTENTS NOTE | |
| Formatted contents note | Introduction / Julia Herschensohn and Martha Young-Scholten -- Part I: Theory and practice -- Theories of language from a critical perspective / Jan Koster -- History of the study of second language acquisition / Margaret Thomas -- Theoretical approaches / Florence Myles -- Scope and research methodologies / Melinda Whong and Clare Wright -- Part II: Internal ingredients -- The role of the native language / Claire Foley and Suzanne Flynn -- Learning mechanisms and automatization / Richard Towell -- Generative approaches and the poverty of the stimulus / Bonnie D. Schwartz and Rex A. Sprouse -- Learner internal psychological factors / Jean-Marc Dewaele -- Alphabetic literacy and adult SLA / Elaine Tarone, Kit Hansen and Martha Bigelow -- Part III: External ingredients -- Negotiated input and output/interaction / Maria del Pilar Garcia Mayo and Eva Alcon Soler -- Second language identity construction / Elizabeth R. Miller and Ryuko Kubota -- Socialization / Georges Daniel Veronique -- Variation / Vera Regan -- Electronic interaction and resources / Astrid Ensslin and Cedric Krummes -- Part IV: Biological factors -- Age related effects / Julia Herschensohn -- Childhood second language acquisition / Belma Haznedar and Elena Gavruseva -- Incomplete L1 acquisition / Silvina Montrul -- Third language acquisition / Jason Rothman, Jennifer Cabrelli Amaro and Kees de Bot -- Language processing / Alice Foucart and Cheryl Frenck-Mestre -- Affect and the brain / Andrea Mates and Anna Joaquin -- Part V: Properties of interlanguage systems -- The lexicon / James Milton and Giovanna Donzelli -- Semantics / Laurent Dekydtspotter -- Discourse and pragmatics / Roumyana Slabakova -- Morphosyntax / Tania Ionin -- Phonology and speech / Ellen Broselow and Yoonjung Kang -- Part VI: Models of development -- Explaining change in transition grammars / Michael Sharwood Smith, John Truscott and Roger Hawkins -- Stage-like development and organic grammar / Anne Vainikka and Martha Young-Scholten -- Emergentism, connectionism and complexity / Randal Holme -- Input, input processing and focus on form / Joe Barcroft and Wynne Wong -- Sociocultural theory and the zone of proximal development / Amy Snyder Ohta -- Nativelike and non-nativelike attainment / Donna Lardiere. |
| 520 ## - SUMMARY, ETC. | |
| Summary, etc | A one-stop guide providing up-to-date coverage of the central aspects of second language acquisition. |
| 650 #7 - SUBJECT ADDED ENTRY--TOPICAL TERM | |
| Topical term or geographic name as entry element | Second language acquisition. |
| Source of heading or term | BUEsh |
| 653 ## - INDEX TERM--UNCONTROLLED | |
| Resource For college | Humanities: English |
| Arrived date list | November2019 |
| 655 ## - INDEX TERM--GENRE/FORM | |
| Form subdivision | Reading book |
| 700 1# - ADDED ENTRY--PERSONAL NAME | |
| Personal name | Herschensohn, Julia Rogers, |
| Dates associated with a name | 1945- |
| Relator term | editor. |
| 700 1# - ADDED ENTRY--PERSONAL NAME | |
| Personal name | Young-Scholten, Martha, |
| Relator term | editor. |
| 942 ## - ADDED ENTRY ELEMENTS (KOHA) | |
| Source of classification or shelving scheme | Dewey Decimal Classification |
| Koha item type | Book - Borrowing |
| Withdrawn status | Lost status | Source of classification or shelving scheme | Damaged status | Not for loan | Collection code | Home library | Current library | Shelving location | Date acquired | Source of acquisition | Cost, normal purchase price | Total Checkouts | Total Renewals | Full call number | Barcode | Date last seen | Date checked out | Cost, replacement price | Price effective from | Koha item type |
|---|---|---|---|---|---|---|---|---|---|---|---|---|---|---|---|---|---|---|---|---|
| Dewey Decimal Classification | Baccah | Central Library | Central Library | Second Floor | 27/11/2019 | Purchase | 1155.00 | 1 | 3 | 418 CAM | 000048447 | 15/07/2025 | 19/12/2023 | 1443.80 | 27/11/2019 | Book - Borrowing |